000 00446nam a2200181Ia 4500
008 090124s9999 xx 000 0 und d
082 _b3725
_a960
100 _aसरोजसुह्द
245 _a वैखरी
250 _a1
260 _c1928
300 _a14
600 _aसरोजसुह्द
630 _a वैखरी
700 _aसरोजसुह्द
730 _a वैखरी
942 _cBOOK
999 _c117666
_d117666